Hamburgische Biografie Band 7

Bibliographische Detailangaben
Weitere Verfasser: Kopitzsch, Franklin 1947- (HerausgeberIn), Brietzke, Dirk 1964- (HerausgeberIn), Wallstein-Verlag
Format: Buch
Sprache:German
Veröffentlicht: Göttingen : Wallstein Verlag, 2019
Zugriff auf das übergeordnete Werk:Hamburgische Biografie
Umfang:499 Seiten
LEADER 01000cam a2200265 cc4500
001 1665772425
003 DE-627
005 20260417192128.0
007 tu
008 190515s2019 gw ||||| 00| ||ger c
015 |a 19,N20  |2 dnb 
016 7 |a 1185908676  |2 DE-101 
020 |a 9783835335790  |9 978-3-8353-3579-0 
024 3 |a 9783835335790 
035 |a (DE-627)1665772425 
035 |a (DE-599)DNB1185908676 
035 |a (OCoLC)1101275333 
035 |a (OCoLC)1140202303 
040 |a DE-627  |b ger  |c DE-627  |e rda 
041 |a ger 
044 |c XA-DE-NI 
084 |a AF 16800  |q DE-24/20sred  |2 rvk  |0 (DE-625)rvk/771:374 
245 0 0 |a Hamburgische Biografie  |n Band 7  |c herausgegeben von Franklin Kopitzsch und Dirk Brietzke 
264 1 |a Göttingen  |b Wallstein Verlag  |c 2019 
300 |a 499 Seiten  |b Illustrationen 
336 |a Text  |b txt  |2 rdacontent 
337 |a ohne Hilfsmittel zu benutzen  |b n  |2 rdamedia 
338 |a Band  |b nc  |2 rdacarrier 
500 |a Enthält kumulatives Register für die Bände 1-7 
583 1 |a Archivierung/Langzeitarchivierung gewährleistet  |f PENI  |x XA-DE-NI  |2 pdager  |5 DE-35 
700 1 |a Kopitzsch, Franklin  |d 1947-  |e herausgeberin  |0 (DE-588)120606380  |0 (DE-627)080777252  |0 (DE-576)292298390  |4 edt 
700 1 |a Brietzke, Dirk  |d 1964-  |e herausgeberin  |0 (DE-588)121234541  |0 (DE-627)503817139  |0 (DE-576)183862694  |4 edt 
710 2 |a Wallstein-Verlag  |e Verlag  |0 (DE-588)103700972X  |0 (DE-627)751879274  |0 (DE-576)391016423  |4 pbl 
773 1 8 |w (DE-627)1165006928  |w (DE-576)095006923  |g Band 7  |q 7  |7 nnam 
856 4 2 |u http://www.informationsmittel-fuer-bibliotheken.de/showfile.php?id=10178  |m V:DE-576;X:IFB  |q application/pdf  |v 20200218050002  |3 Rezension  |7 1 
912 |a GBV_ILN_11 
912 |a ISIL_DE-1a 
912 |a SYSFLAG_1 
912 |a GBV_KXP 
912 |a GBV_ILN_21 
912 |a ISIL_DE-46 
912 |a GBV_ILN_24 
912 |a ISIL_DE-8 
912 |a GBV_ILN_24_f100 
912 |a GBV_ILN_39 
912 |a ISIL_DE-547 
912 |a GBV_ILN_50 
912 |a ISIL_DE-23 
912 |a GBV_ILN_60 
912 |a ISIL_DE-705 
912 |a GBV_ILN_61 
912 |a ISIL_DE-32 
912 |a GBV_ILN_72 
912 |a ISIL_DE-35 
912 |a GBV_ILN_113 
912 |a ISIL_DE-H46 
912 |a GBV_ILN_114 
912 |a ISIL_DE-18-301 
912 |a GBV_ILN_121 
912 |a ISIL_DE-45 
912 |a GBV_ILN_130 
912 |a ISIL_DE-700 
912 |a GBV_ILN_162 
912 |a ISIL_DE-Bv3 
912 |a GBV_ILN_176 
912 |a GBV_ILN_176_1 
912 |a GBV_ILN_183 
912 |a GBV_ILN_183_b21602 
912 |a GBV_ILN_203 
912 |a GBV_ILN_203_m07706 
912 |a GBV_ILN_203_m21001 
912 |a GBV_ILN_203_m10305 
912 |a GBV_ILN_203_m18902 
912 |a GBV_ILN_203_m02207 
912 |a GBV_ILN_203_m01304 
912 |a GBV_ILN_227 
912 |a ISIL_DE-56 
912 |a GBV_ILN_240 
912 |a ISIL_DE-138 
912 |a GBV_ILN_350 
912 |a ISIL_DE-2795 
912 |a GBV_ILN_350_ 
912 |a GBV_ILN_365 
912 |a ISIL_DE-Bre1 
912 |a GBV_ILN_636 
912 |a ISIL_DE-H357 
912 |a GBV_ILN_640 
912 |a ISIL_DE-205 
912 |a GBV_ILN_1015 
912 |a ISIL_DE-H30 
912 |a GBV_ILN_2001 
912 |a ISIL_DE-21 
912 |a GBV_ILN_2003 
912 |a ISIL_DE-25 
912 |a GBV_ILN_2006 
912 |a ISIL_DE-14 
912 |a GBV_ILN_2008 
912 |a ISIL_DE-24 
912 |a GBV_ILN_2009 
912 |a ISIL_DE-180 
912 |a GBV_ILN_2010 
912 |a ISIL_DE-15 
912 |a GBV_ILN_2011 
912 |a ISIL_DE-16 
912 |a GBV_ILN_2043 
912 |a ISIL_DE-Mar1 
912 |a GBV_ILN_2046 
912 |a ISIL_DE-N1 
936 r v |a AF 16800  |b Standardwerke  |k Allgemeines  |k Biografische Lexika  |k Europa  |k Mitteleuropa  |k Deutschland  |k Deutschland (Westliche Länder)  |k Norddeutschland, Niederdeutschland  |k Hamburg  |k Standardwerke  |0 (DE-627)1273072669  |0 (DE-625)rvk/771:374  |0 (DE-576)203072669 
951 |a MV 
980 |2 11  |1 01  |x 0001  |b 3598236093  |c 00  |f 2:HB2  |d HB 2 Gd 8523-7  |e s  |j --%%--  |c 09  |f --%%--  |d 1 B 190263  |e --%%--  |j --%%--  |y k  |z 08-06-20 
980 |2 21  |1 01  |x 0046  |b 3605368247  |c 00  |f Magazin  |d 03.d.0732  |e u  |j --%%--  |h Aufsätze  |y zza  |z 09-03-20 
980 |2 24  |1 01  |x 0008  |b 3596889715  |c 00  |f 8/100  |d F II 883 - 7  |e i  |j --%%--  |y zf100  |z 19-02-20 
980 |2 24  |1 02  |x 0008  |b 3687786420  |c 00  |f 1010 lex 567  |d Ra 3446-7  |e g  |j --%%--  |h aa  |y zz1  |z 17-06-20 
980 |2 39  |1 01  |x 0547  |b 4562689277  |c 00  |f LS  |d AF 16890-7  |e g  |j --%%--  |y zet1  |z 19-08-24 
980 |2 50  |1 01  |x 0023  |b 3599201978  |c 00  |f --%%--  |d GS 52-8010:7  |e b  |j --%%--  |c 09  |f --%%--  |d 70.4° 119  |e --%%--  |j --%%--  |y k  |z 28-02-20 
980 |2 60  |1 01  |x 0705  |b 3601568136  |c 00  |f HB  |d ALL 443 HAM:YB0001-007  |e g  |j --%%--  |y z  |z 02-03-20 
980 |2 61  |1 01  |x 0032  |b 3642447066  |c 00  |f FHB  |d AF 16890 K83-7  |e i  |j --%%--  |y z  |z 17-07-20 
980 |2 72  |1 01  |x 0035  |b 359922126X  |c 00  |f ZENLSP  |d AF 16810 6648:7  |e i  |j --%%--  |y kzp  |z 28-02-20 
980 |2 113  |1 01  |x 3113  |b 3604791227  |c 00  |f Magazin  |d A 710/0123:7  |e i  |j --%%--  |y z  |z 06-03-20 
980 |2 113  |1 02  |x 3113  |b 3604791235  |c 00  |f Lesesaal  |d A 710/0123a:7  |e i  |j --%%--  |y z  |z 06-03-20 
980 |2 113  |1 03  |x 3113  |b 3604791243  |c 00  |f Beratungsdienst  |d A 710/0123b:7  |e i  |j --%%--  |y z  |z 06-03-20 
980 |2 113  |1 04  |x 3113  |b 3604791251  |c 00  |f Magazin  |d A710/0123c:7  |e i  |j --%%--  |y z  |z 06-03-20 
980 |2 114  |1 01  |x 3114  |b 3691377173  |c 00  |f 18/301  |d all 200/5/7(19)  |e c  |j --%%--  |y zv30102  |z 26-06-20 
980 |2 121  |1 01  |x 0045  |b 4362978852  |c 00  |f --%%--  |d LS: All 590/52 4-08-0484: 7  |e s  |j --%%--  |h alma  |y z  |z 04-08-23 
980 |2 130  |1 01  |x 0700  |b 4724196998  |c 00  |f B  |d KYA G 2501-706 5  |e c  |j --%%--  |y kb  |z 14-05-25 
980 |2 162  |1 01  |x 3162  |b 4821420457  |c 00  |f --%%--  |d 25-296 LS 3.5  |e i  |j --%%--  |y z  |z 04-12-25 
980 |2 176  |1 01  |x 3703/1  |b 3879795223  |c 00  |f Au:LS  |d Byr : y 4173 (7)  |e f  |j --%%--  |y z1  |z 01-03-21 
980 |2 183  |1 01  |x 3517  |b 3746303338  |c 00  |f H216  |d Ham 122/6:7  |e i  |j --%%--  |y zb21602  |z 03-09-20 
980 |2 203  |1 01  |x 3522  |b 3821045450  |c 00  |f H77  |d Gen V 5019:7  |e i  |j --%%--  |y zm07706  |z 09-12-20 
980 |2 203  |1 02  |x 3522  |b 4162119732  |c 00  |f H210  |d Bb17,7  |e i  |j --%%--  |y zm21001  |z 07-07-22 
980 |2 203  |1 03  |x 3522  |b 4271219452  |c 00  |f H103  |d I 68,7  |e i  |j --%%--  |k Standort: Lesesaal  |y zm10305  |z 13-02-23 
980 |2 203  |1 04  |x 3522  |b 4378721724  |c 00  |f H189  |d H 2700 : 4, Bd. 7  |e i  |j --%%--  |y zm18902  |z 21-09-23 
980 |2 203  |1 05  |x 3522  |b 4488429432  |c 00  |f H22  |d MKGH LS HH-Per.1  |e i  |j --%%--  |c 03  |f --%%--  |d MKGH T-HH 1.28 (7)  |e --%%--  |j --%%--  |k Lesesaal  |y zm02207  |z 20-02-24 
980 |2 203  |1 06  |x 3522  |b 4515779346  |c 00  |f H13  |d A635/6-8  |e i  |j --%%--  |y zm01304  |z 24-04-24 
980 |2 227  |1 01  |x 0056  |b 3724631308  |c 00  |f LS  |d Ls V 41 c  |e g  |j --%%--  |y x  |z 15-07-20 
980 |2 240  |1 01  |x 0138  |b 4315996661  |c 00  |f --%%--  |d Allg 227 H  |e i  |j --%%--  |y z  |z 28-04-23 
980 |2 350  |1 01  |x 8293  |b 4182201574  |c 00  |f MAG1  |d Dk 949.2 -7  |e i  |j --%%--  |y z  |z 23-08-22 
980 |2 365  |1 01  |x 4365  |b 3789500178  |c 00  |f --%%--  |d 601.7  |e i  |j --%%--  |y z  |z 30-10-20 
980 |2 636  |1 01  |x 3014  |b 3593845709  |c 00  |f --%%--  |d All 235/37,7  |e i  |j --%%--  |y n  |z 12-02-20 
980 |2 640  |1 01  |x 0205  |b 4544584396  |c 00  |f Galerie  |d 920.515.001 Bd 07  |e i  |j --%%--  |h ACQ  |k Regal H  |y z  |z 01-07-24 
980 |2 1015  |1 01  |x 4015  |b 3636013696  |c 00  |f --%%--  |d A.XIV.2 / 0012.7  |e g  |j --%%--  |k In Bearbeitung  |k Öffnungszeiten s. www.vfhg.de. - Keine Fernleihe!  |y z  |z 26-04-20 
980 |2 2001  |1 01  |x DE-21  |b 3593915375  |c 00  |f --%%--  |d 42 B 504-7  |e --%%--  |j --%%--  |y l01  |z 12-02-20 
980 |2 2003  |1 01  |x DE-25  |b 3594756386  |c 00  |f --%%--  |d LS: Allg 32 HAM 1-7  |e p  |j --%%--  |y l01  |z 13-02-20 
980 |2 2006  |1 01  |x DE-14  |b 4139507829  |c 00  |f --%%--  |d --%%--  |e --%%--  |j --%%--  |y l01  |z 25-05-22 
980 |2 2008  |1 01  |x DE-24  |b 3597685765  |c 00  |f --%%--  |d 52a/159-7  |e p  |j --%%--  |c 01  |f Freihand Präsenzbestand  |d AF 16800 K83-7  |e --%%--  |j --%%--  |y l01  |z 24-02-20 
980 |2 2009  |1 01  |x DE-180  |b 3589360895  |c 00  |f WEST_OG  |d 2020 L 0064  |e --%%--  |j l  |y l01  |z 07-02-20 
980 |2 2010  |1 01  |x DE-15  |b 4145002393  |c 00  |f --%%--  |d --%%--  |e --%%--  |j --%%--  |y l01  |z 08-06-22 
980 |2 2011  |1 01  |x DE-16  |b 3596604427  |c 00  |f --%%--  |d 2006 B 544  |e p  |j --%%--  |y l01  |z 18-02-20 
980 |2 2043  |1 01  |x DE-Mar1  |b 3591777994  |c 00  |f --%%--  |d --%%--  |e l  |j --%%--  |y l01  |z 10-02-20 
980 |2 2046  |1 01  |x DE-N1  |b 3610490640  |c 00  |f --%%--  |d --%%--  |e p  |j --%%--  |y l01  |z 18-03-20 
982 |2 60  |1 00  |x DE-705  |8 00  |a Universitätsbibliographie 
982 |2 114  |1 01  |x 3114  |8 00  |a Hamburg / Biographie 
983 0 0 |2 11  |1 00  |x DE-1a  |8 13  |a HB 2 Gd 8523  |b HB 02 Gd 8523 
983 0 0 |2 11  |1 00  |x DE-1a  |8 50  |a HB 02 Gd 8523 Hamburgische Biografie 
983 0 0 |2 11  |1 00  |x DE-1a  |8 52  |a HB 02 Gd 8523-0007# L # Hamburgische Biografie # Band 7 
983 |2 21  |1 00  |x DE-46  |8 30  |a reg 016 
983 |2 21  |1 00  |x DE-46  |8 99  |a 04 
983 |2 39  |1 00  |x DE-547  |8 00  |a AF 16890 
983 |2 60  |1 00  |x DE-705  |8 04  |a ALL 443 
983 |2 130  |1 01  |x 0700  |8 00  |a KYA G 
984 |2 11  |1 01  |x 0001  |a 167348766010 
984 |2 21  |1 01  |x 0046  |a 46$0005920671 
984 |2 24  |1 02  |x 0008  |a 8$0005370906 
984 |2 39  |1 01  |x 0547  |a 547$200327186 
984 |2 50  |1 01  |x 0023  |a 23$13815350 
984 |2 60  |1 01  |x 0705  |a 705/0$19049684 
984 |2 61  |1 01  |x 0032  |a 32$06617883 
984 |2 72  |1 01  |x 0035  |a 35$038972603 
984 |2 114  |1 01  |x 3114  |a 301$00386502 
984 |2 121  |1 01  |x 0045  |a 45$500008442 
984 |2 130  |1 01  |x 0700  |a 700$25353059 
984 |2 176  |1 01  |x 3703/1  |a AU3$01617303 
984 |2 183  |1 01  |x 3517  |a 091920746 
984 |2 227  |1 01  |x 0056  |a 9171193097X 
984 |2 350  |1 01  |x 8293  |a 9783835335790 
984 |2 640  |1 01  |x 0205  |a 205001158532 
984 |2 2011  |1 01  |x DE-16  |a 106038045 
985 |2 21  |1 01  |x 0046  |a 2020-05400 
985 |2 24  |1 01  |x 0008  |a 2020/11 
985 |2 39  |1 01  |x 0547  |a 2024023955 
985 |2 50  |1 01  |x 0023  |a 70/4f/000119 
985 |2 60  |1 01  |x 0705  |a 2020 00316 
985 |2 61  |1 01  |x 0032  |a 2020/03133 
985 |2 72  |1 01  |x 0035  |a 35$038972603p 
985 |2 114  |1 01  |x 3114  |a 20/0828 
985 |2 162  |1 01  |x 3162  |a II B 25-0296 
985 |2 176  |1 01  |x 3703/1  |a 021/0505 
985 |2 183  |1 01  |x 3517  |a 570/20 
985 |2 203  |1 01  |x 3522  |a 2021/342 
985 |2 203  |1 02  |x 3522  |a 2022:42 
985 |2 203  |1 03  |x 3522  |a AM2023/77 
985 |2 203  |1 04  |x 3522  |a 28060 
985 |2 203  |1 05  |x 3522  |a 2024.0247 
985 |2 203  |1 06  |x 3522  |a 2024.159k 
985 |2 227  |1 01  |x 0056  |a 20.393 
985 |2 350  |1 01  |x 8293  |a 2022/0784 
985 |2 365  |1 01  |x 4365  |a 2020-369 
985 |2 636  |1 01  |x 3014  |a B-2020/0089 
985 |2 640  |1 01  |x 0205  |a 24,0125 
995 |2 21  |1 01  |x 0046  |a Aufsätze 
995 |2 24  |1 02  |x 0008  |a aa 
995 |2 121  |1 01  |x 0045  |a alma 
995 |2 640  |1 01  |x 0205  |a ACQ 
998 |2 2001  |1 01  |x DE-21  |0 2002  |f 51